00879nam a2200217Ia 4500003000900000008004100009020001800050040001600068080002300084111009200107245022800199260005800427300001700485490002700502650001300529650002800542650001000570700001900580700002300599710003900622IN-BaIIA211028s9999 xx 000 0 eng d a1-886733-82-1 cIIA Library a082.2:52bIAU-S192 aSymposium of the International Astronomical Unionn192ndcSouth Africad1998 Sept. 7-11 4aThe stellar context of local group galaxiesbproceedings of the 192nd symposium of the IAU held in Cape Town, South Africa, 7-11 Sept. 1998cedited by P. Whitelock and R. Cannon  aCaliforniabAstronomical Society of the Pacificc1999 axviii, 529p. aIAU symposium; no. 192 aGalaxies aLocal group of galaxies aStars aCannon, R. ed. aWhitelock, P., ed. a International Astronomical Union